Čáp /
Půvabná knížka o proměnách v přírodě, která očekává příchod jara a vrcholí návratem čápa.
Uloženo v:
| Série: | Čtyři roční období,
část |
|---|---|
| Hlavní autor: | |
| Další autoři: | |
| Médium: | E-kniha |
| Jazyk: | Czech |
| Vydáno: |
V Praze :
Albatros,
2021
|
| Vydání: | 2. vydání |
| Témata: | |
| Příbuzné jednotky: | Z cyklu::
Čtyři roční období |
| Tagy: |
Žádné tagy |
| LEADER | 02248nam a2200481 i 4500 | ||
|---|---|---|---|
| 001 | 311298 | ||
| 003 | CZ PrSKC | ||
| 005 | 20260601215703.0 | ||
| 007 | ta | ||
| 008 | 210324s2021 xr a a 000 j cze | ||
| 015 | |a cnb003314295 | ||
| 020 | |a 9788000061429 |q (vázáno) : |c Kč 299,00 | ||
| 035 | |a (OCoLC)1263271323 | ||
| 040 | |a ABG001 |b cze |d OLA001 |e rda | ||
| 072 | 7 | |a 821.162.3-3 |x Česká próza |2 Konspekt | |
| 072 | 7 | |a 821-93 |x Literatura pro děti a mládež (beletrie) |2 Konspekt | |
| 080 | |a 821.162.3-32 |2 MRF | ||
| 080 | |a 821-93 |2 MRF | ||
| 080 | |a (0:82-32) |2 MRF | ||
| 100 | 1 | |a Lukešová, Milena, |d 1922-2008 |7 jk01072640 |4 aut | |
| 245 | 1 | 0 | |a Čáp / |c Milena Lukešová, Jan Kudláček |
| 250 | |a 2. vydání | ||
| 264 | 1 | |a V Praze : |b Albatros, |c 2021 | |
| 300 | |a 31 nečíslovaných stran : |b barevné ilustrace ; |c 25 x 26 cm | ||
| 336 | |a text |b txt |2 rdacontent | ||
| 336 | |a statický obraz |b sti |2 rdacontent | ||
| 337 | |a bez média |b n |2 rdamedia | ||
| 338 | |a svazek |b nc |2 rdacarrier | ||
| 500 | |a "Námět, scénář a text Milena Lukešová. Ilustroval Jan Kudláček"--Tiráž | ||
| 520 | 2 | |a Půvabná knížka o proměnách v přírodě, která očekává příchod jara a vrcholí návratem čápa. |b Sněhuláci roztáli, přichází jaro! Potěšte se spolu s Jakubem a Eliškou všemi jeho krásami! Prvními květy, ptačím zpěvem, návratem čápů do hnízda na komín... Nakladatelská anotace. Kráceno. | |
| 521 | 8 | |a Pro děti od 3 let | |
| 655 | 7 | |a české příběhy |7 fd133973 |2 czenas | |
| 655 | 7 | |a publikace pro děti |7 fd133156 |2 czenas | |
| 655 | 9 | |a Czech stories |2 eczenas | |
| 655 | 9 | |a children's literature |2 eczenas | |
| 700 | 1 | |a Kudláček, Jan, |d 1928-2017 |7 jk01070650 |4 ill | |
| 787 | 0 | 8 | |i Z cyklu: |t Čtyři roční období |
| 900 | |a ABA001 |b 19 | ||
| 928 | 9 | |a Albatros Media - Albatros | |
| 044 | |a xr | ||
| 910 | |a RBIT002 | ||
| 998 | |d 313445 |a https://core.palmknihy.cz/api/books/313445/cover?sc8hsv |b https://core.palmknihy.cz/api/books/313445/cover/400?sc8hsv |c https://core.palmknihy.cz/api/books/313445/cover/50?sc8hsv |e 2030-12-31 |g 32 |i 9788000061429 |k https://core.palmknihy.cz/api/books/313445/preview.pdf |l |q 49 |r 1 |s https://www.palmknihy.cz/kniha/313445 |t ebook |y 2021 |z 0 | ||
| 999 | |d 311296 | ||